Landlords are taking back the land: the agrarian transition in Vietnam /
Guardat en:
| Autor principal: | |
|---|---|
| Format: | Text |
| Etiquetes: |
Afegir etiqueta
Sense etiquetes, Sigues el primer a etiquetar aquest registre!
|
MARC
| LEADER | 00000 a a2200000 04500 | ||
|---|---|---|---|
| 001 | 47021 | ||
| 003 | |||
| 040 | |||
| 100 | |a Akram-Lodhi, A. Harron | ||
| 245 | |a Landlords are taking back the land: |b the agrarian transition in Vietnam / |c A. Haroon Akram-Lodhi | ||
| 773 | |g número353, (2001), 70 páginas : tablas, gráficos | ||
| 999 | |c 34648 |d 34648 | ||
